000 00931cam a22002771 4500
001 ss 58000002
003 DLC
005 20260227112752.0
008 780930s1958 dcuab f000 0 eng c
010 _ass 58000002
035 _a(OCoLC)4250556
040 _aU. S. Social Security Administration. Library
_cNBrockU
_dNBrockU
_dISS
_dOCoLC
_dDLC
042 _apremarc
050 0 0 _aHV741
_b.A412 1958
082 _a362.7
086 0 _aFS 17.210:363
110 1 _aUnited States.
_bChildren's Bureau.
245 1 0 _aChildren and youth: their health and welfare.
260 _a[Washington,
_bU.S. Govt. Print. Off.,
_c1958]
300 _a[47] l.
_bmaps, diagrs.
_c19 x 25 cm.
490 1 _aIts Publication
_vno. 363
650 0 _aChild welfare
_zUnited States.
650 0 _aYouth
_zUnited States.
650 0 _aChildren
_xHealth and hygiene
_zUnited States.
810 1 _aUnited States.
_bChildren's Bureau.
_tPublication
_vno. 363.
999 _c90976
_d90976